Z Jakich Krajów Są Te Banknoty? cz.2 - Statystyki

Ogólne statystyki
  • Ten quiz został rozwiązany 55 razy
  • Średni wynik to 9 z 10
Statystyki odpowiedzi
Obrazkowy Odpowiedź % Poprawnych
Turcja
98%
Serbia
96%
Nigeria
94%
Iran
90%
Japonia
90%
Korea Północna
90%
Egipt
86%
Kanada
80%
Indonezja
73%
Izrael
73%
Nie znaleziono quizów pasujących do podanych kryteriów
Rozkład punktacji
Procent ludzi z każdym wynikiem
Percentyl według liczby udzielonych odpowiedzi
Twoja historia wyników
Nie rozwiązałeś tego quizu